00572nam a2200145Ia 4500008004100000020001800041040001300059082001800072100001900090245009800109260004800207300003700255500005000292650008400342191130s1995##################000#0#eng## a9780521558365 aACLcACL a331.91009 LOW aLowi, Miriam R aWater and power : the politics of a scarce resource in the Jordan river basincMiriam R. Lowi aCambridgebCambridge University Pressc1995 axix, 291 p. : ill., maps ; 24 cm aIncludes bibliographical references and index aWater resources development -- Jordan River Region -- International cooperation